<?xml version="1.0" encoding="UTF-8"?><record xmlns="http://www.loc.gov/MARC21/slim" xmlns:zs="http://docs.oasis-open.org/ns/search-ws/sruResponse">
  <leader>01570cz  a2200277n  4500</leader>
  <controlfield tag="001">n  82118275 </controlfield>
  <controlfield tag="003">DLC</controlfield>
  <controlfield tag="005">20240502064535.0</controlfield>
  <controlfield tag="008">820827n| azannaabn          |a aaa      </controlfield>
  <datafield ind1=" " ind2=" " tag="010">
    <subfield code="a">n  82118275 </subfield>
  </datafield>
  <datafield ind1="7" ind2=" " tag="024">
    <subfield code="a">0000000122818880</subfield>
    <subfield code="2">isni</subfield>
    <subfield code="1">http://isni.org/isni/0000000122818880</subfield>
  </datafield>
  <datafield ind1=" " ind2=" " tag="035">
    <subfield code="a">(OCoLC)oca00814652</subfield>
  </datafield>
  <datafield ind1=" " ind2=" " tag="040">
    <subfield code="a">DLC</subfield>
    <subfield code="b">eng</subfield>
    <subfield code="e">rda</subfield>
    <subfield code="c">DLC</subfield>
    <subfield code="d">DLC-R</subfield>
    <subfield code="d">DLC-R</subfield>
    <subfield code="d">DLC</subfield>
    <subfield code="d">NL-TiUL</subfield>
  </datafield>
  <datafield ind1=" " ind2=" " tag="046">
    <subfield code="f">1944-05-12</subfield>
    <subfield code="2">edtf</subfield>
  </datafield>
  <datafield ind1="1" ind2=" " tag="100">
    <subfield code="a">Patten, Chris,</subfield>
    <subfield code="d">1944-</subfield>
  </datafield>
  <datafield ind1=" " ind2=" " tag="370">
    <subfield code="a">Lancashire (England)</subfield>
    <subfield code="2">naf</subfield>
  </datafield>
  <datafield ind1=" " ind2=" " tag="374">
    <subfield code="a">Politicians</subfield>
    <subfield code="2">lcsh</subfield>
  </datafield>
  <datafield ind1="1" ind2=" " tag="400">
    <subfield code="a">Patten, Christopher Francis,</subfield>
    <subfield code="d">1944-</subfield>
  </datafield>
  <datafield ind1="1" ind2=" " tag="400">
    <subfield code="a">Pʻeng, Ting-kʻang,</subfield>
    <subfield code="d">1944-</subfield>
  </datafield>
  <datafield ind1="1" ind2=" " tag="400">
    <subfield code="a">Peng, Dingkang,</subfield>
    <subfield code="d">1944-</subfield>
  </datafield>
  <datafield ind1=" " ind2=" " tag="670">
    <subfield code="a">The Tory case, 1983, c1982:</subfield>
    <subfield code="b">CIP t.p. (Chris Patten) CIP data sheet, etc. (b. 5/12/44; Conservative member of Br. Parliament)</subfield>
  </datafield>
  <datafield ind1=" " ind2=" " tag="670">
    <subfield code="a">WW 1982</subfield>
    <subfield code="b">(Patten, Christopher Francis; MP (C) Bath since 1979)</subfield>
  </datafield>
  <datafield ind1=" " ind2=" " tag="670">
    <subfield code="a">Pʻeng Ting-kʻang cheng kai fang an mien mien kuan, 1993:</subfield>
    <subfield code="b">p. 5, etc. (governor of Hong Kong)</subfield>
  </datafield>
  <datafield ind1=" " ind2=" " tag="670">
    <subfield code="a">Xianggang mo dai zong du Peng Dingkang, 1997:</subfield>
    <subfield code="b">t.p. (Peng Dingkang; also: Chris Patten)</subfield>
  </datafield>
  <datafield ind1=" " ind2=" " tag="670">
    <subfield code="a">Not quite the diplomat, 2006:</subfield>
    <subfield code="b">t.p. (Chris Patten)</subfield>
  </datafield>
  <datafield ind1=" " ind2=" " tag="670">
    <subfield code="a">Wikipedia, viewed May 1, 2024</subfield>
    <subfield code="b">(Christopher Francis Patten, Baron Patten of Barnes; born May 12, 1944 in Thornton Cleveleys in Lancashire; British politician who was the 28th and last Governor of Hong Kong from 1992 to 1997 and Chairman of the Conservative Party from 1990 to 1992; made a life peer in 2005 and has been Chancellor of the University of Oxford since 2003)</subfield>
    <subfield code="u">https://en.wikipedia.org/wiki/Chris_Patten</subfield>
  </datafield>
</record>
